000 00940cam a22002773a 4500
001 16775
003 PGUSA
005 20140828083346.0
008 050930s2005||||xxu|||||s|||||000 | eng d
040 _aPGUSA
_beng
042 _adc
050 4 _aQ
100 1 _aArago, François,
_d1786-1853
245 1 0 _aBiographies of Distinguished Scientific Men :
_bFirst Series
_h[electronic resource] /
_cFrançois Arago
260 _bProject Gutenberg,
_c2005
505 0 _aThe history of my youth; an autobiography of Francis Arago -- Bailly -- Herschel -- Laplace -- Joseph Fourier.
506 _aPublic domain in the USA.
516 _aElectronic text
653 _aScientists -- Biography
700 1 _aPowell, Baden,
_d1796-1860
700 1 _aGrant, Robert,
_d1814-1892
700 1 _aSmyth, W. H.
_q(William Henry),
_d1788-1865
830 0 _aProject Gutenberg
_v16775
856 4 0 _uhttp://www.gutenberg.org/ebooks/16775
942 _cEB
999 _c246030
_d246030